| 000 | 00675nam a22002177a 4500 | ||
|---|---|---|---|
| 003 | OSt | ||
| 005 | 20260120043606.0 | ||
| 008 | 260120b |||||||| |||| 00| 0 eng d | ||
| 020 | _a007-123629-5 | ||
| 040 |
_aDWC-Main lib _cOC |
||
| 082 |
_212th edition _aCirc. 590.21 In61 2004 |
||
| 100 | _aRoberts, Larry S. | ||
| 245 |
_aIntegrated principles of zoology/ _cLarry S. Roberts |
||
| 250 | _a12th edition | ||
| 260 |
_aNew York : _bMcGraw-Hill Companies Inc., _cc2004 |
||
| 300 |
_axxi, 872 pages ; _c23 cm. |
||
| 504 | _aIncludes bibliographical references and index. | ||
| 650 | _a1. Zoology. | ||
| 760 | _b12th ed. | ||
| 942 |
_2ddc _cBK-CIRC _e12th ed. _hCirc. _n0 |
||
| 999 |
_c7582 _d7582 |
||